| 000 | 00692nam a22002057a 4500 | ||
|---|---|---|---|
| 999 |
_c15340 _d15340 |
||
| 003 | MIRAKIL | ||
| 005 | 20240212173351.0 | ||
| 008 | 240212b tu ||||| |||| 00| 0 tur d | ||
| 040 |
_aTR-AnCHP _cTR-AnCHP |
||
| 041 | _aTürkçe | ||
| 082 |
_a956 _bS38t 1991 |
||
| 090 | _a956 S38t 1991 c. 3 | ||
| 100 |
_aSevim, Ali _q(Prof. Dr.) |
||
| 245 | 1 | 0 |
_aTürkiye tarihi III IV : _bOsmanlı dönemi (1566-1730) / _cAli Sevim, Yaşar Yücel. |
| 260 |
_aAnkara : _bTürk Tarih Kurumu, _c1991 |
||
| 300 |
_a276 s. : _bfotoğ. , _c26 cm. |
||
| 650 | 4 |
_91099 _aTarih _xOsmanlı _y1566-1730 |
|
| 856 | _zDijital Nüshası için Partimizin Kütüphane Sorumlusu ile iletişime geçiniz. | ||
| 942 |
_2ddc _cBKS |
||